000 00612nam a2200241 a 4500
999 _c8256
_d8256
001 8256
003 BD - JhCC
005 20180718195717.0
008 180718s1967 nyu 001 0 eng d
020 _a047185221X
035 _a(BD - JhCC)8256
040 _aBD-JhCC
_dBD-JhCC
041 _aeng
082 _bNUF 1967
_a530
245 1 0 _aNuffield Physics questions book III /
_cNuffield Physics
250 _a3rd ed.
260 _aNew York ;
_aPenguin books:
_bWiley,
_c1967
300 _a133 p. :
_c21 cm
_bill. ;
650 0 _aPhysics
710 _aNuffield Physics
942 _2ddc
_cBK